| 000 | 00632nam a22001937a 4500 | ||
|---|---|---|---|
| 003 | OSt | ||
| 005 | 20250714005942.0 | ||
| 008 | 250714b |||||||| |||| 00| 0 eng d | ||
| 020 | _a9781680946826 | ||
| 040 |
_aDWCL - Main lib _cOC |
||
| 082 | _aCirc. 621.381 I29 2017 | ||
| 100 | _a3G E-Learning LLC | ||
| 245 |
_a Illustrated handbook of basic electronics/ _c3G E-Learning LLC |
||
| 260 |
_a New York, NY : _b3G E-learning LLC, _c c2017. |
||
| 300 |
_a xiii, 364 pages : _b color illustrations ; _c 26 cm. |
||
| 504 | _aIncludes index. | ||
| 650 | _a1. Electronics-- Handbooks, manuals etc. | ||
| 942 |
_2ddc _cBK-CIRC _kCirc. _n0 |
||
| 999 |
_c3638 _d3638 |
||